00330nam a2200121Ia 4500008004100000041000800041082001400049100001700063245003100080260005700111300002900168365001100197240624s9999 xx 000 0 und d aeng a659.1 MEH aMEHTA BASANT aADVERTISEMENT AND CONSUMER c2010aNew DelhibDiscovery Publishing House Pvt.Ltd. av, : 275 : p. : cm. ; 22 cRSb20